Microbiologia de la leche /
Guardado en:
| Autor Principal: | |
|---|---|
| Formato: | Libro |
| Publicado: |
México :
Herrero,
1965
|
| Materias: | |
| Etiquetas: |
Agregar Etiqueta
Sin Etiquetas, Sea el primero en etiquetar este registro!
|
| LEADER | 00626nam a22002055a 4500 | ||
|---|---|---|---|
| 001 | CEM.cems015875 | ||
| 005 | 20111101171342.0 | ||
| 008 | 130507s1965##################000#0#####d | ||
| 003 | CEMS | ||
| 082 | 0 | 4 | |a 637.12 |
| 100 | 1 | |a Foster, Edwin M | |
| 245 | 1 | 0 | |a Microbiologia de la leche / |c Edwin M Foster, Eugene F Nelson |
| 260 | |a México : |b Herrero, |c 1965 | ||
| 300 | |a 490 p. | ||
| 653 | |a Alimentos-microbiología | ||
| 653 | |a Industrias lácteas | ||
| 653 | |a Leche-microbiología | ||
| 653 | |a Manteca-microbiología | ||
| 653 | |a Queso-microbiología | ||
| 859 | |a CEMS |b BIB. CEMS - Agricultura |h 637.12 |i F812 |p A5002.76 |t Ej.1 |v 1 |3 Vol. 1 | ||
